D. D. Dissertatio philosophica quæstionem, utrum per oeconomiam, an vero per bellum salus reip. magis promoveatur, solvens /

Bibliographic Details
Main Author: Kalm, Pehr, 1716-1779
Other Authors: Crusell, Niclas
Format: eBook
Language:Latin
Published: Aboæ : Impressit direct. & typogr. Jacob Merckell, [1755]
Series:Making of the modern world (Goldsmiths'-Kress Library of Economic Literature)
Subjects:
Online Access:Connect to the full text of this electronic book

MARC

Tag First Indicator Second Indicator Subfields
LEADER 00000cam a2200000Ia 4500
001 in00002320249
005 20190326204821.0
006 m | d |
007 cr |n||||||||n
008 911111s1755 xx s 000 0 lat d
040 |a TXA  |c GKS  |d OCL  |d Thomson Gale  |d UtOrBLW 
043 |a e------ 
100 1 |a Kalm, Pehr,  |d 1716-1779. 
245 1 0 |a D. D. Dissertatio philosophica quæstionem, utrum per oeconomiam, an vero per bellum salus reip. magis promoveatur, solvens /  |c quam ... præside celeberrimo viro Petro Kalm ... publicæ bonorum censuræ modeste submittit stipendiarius regius Nicolaus Crusell ; die XX. Decembr. anni MDCCLV. in aud. maj. H.A.M.S. 
264 1 |a Aboæ :  |b Impressit direct. & typogr. Jacob Merckell,  |c [1755] 
300 |a 24 pages 
336 |a text  |b txt  |2 rdacontent 
337 |a computer  |b c  |2 rdamedia 
338 |a online resource  |b cr  |2 rdacarrier 
500 |a Reproduction of original from Kress Library of Business and Economics, Harvard University. 
500 |a Goldsmiths'-Kress number 09002.4. 
510 4 |a OCLC,  |c 24759366 
533 |a Electronic reproduction.  |b Farmington Hills, Mich. :  |c Thomson Gale,  |d 2005.  |f (The making of the modern world).  |n Available via the World Wide Web.  |n Access limited to licensing agreements.  |7 s2005 miunns 
500 |a Electronic resource. 
610 2 0 |a Åbo akademi (1640-1827)  |x Dissertations. 
650 0 |a Commerce. 
650 0 |a War. 
650 0 |a Mercantile system. 
655 0 |a Electronic books. 
700 1 |a Crusell, Niclas. 
830 0 |a Making of the modern world (Goldsmiths'-Kress Library of Economic Literature) 
856 4 0 |u http://proxy.library.tamu.edu/login?url=http://galenet.galegroup.com/servlet/MOME?af=RN&ae=U100991925&srchtp=a&ste=14&locID=txshracd2898  |z Connect to the full text of this electronic book  |t 0 
999 |a MARS 
999 f f |s e0dd8081-3fd4-3b42-addf-a5267405e431  |i e2877822-6929-3923-8599-ee32d1373687  |t 0 
952 f f |a Texas A&M University  |b College Station  |c Electronic Resources  |d Available Online  |t 0  |h No information provided 
998 f f |t 0  |l Available Online